Finančná analýza účtovnej závierky vybraného podnikateľského subjektu bakalárska práca

Guardado en:
Detalles Bibliográficos
Autor principal: Völgyi, Martin
Autor Corporativo: Národohospodárska fakulta EU. Katedra financií
Otros Autores: Staríčková, Zuzana
Formato: Libro
Lenguaje:eslovaco
Publicado: Bratislava 2018
Etiquetas: Agregar Etiqueta
Sin Etiquetas, Sea el primero en etiquetar este registro!

MARC

LEADER 00000nbm a2200000 4500
001 0245914
005 20181214133511.2
041 0 |a slo 
044 |a SK 
245 1 0 |a Finančná analýza účtovnej závierky vybraného podnikateľského subjektu  |b bakalárska práca  |c Martin Völgyi ; školiteľ: Zuzana Staríčková 
264 1 |a Bratislava  |c 2018 
300 |a 46 s. 
100 1 |a Völgyi, Martin 
700 1 |a Staríčková, Zuzana 
710 2 |a Národohospodárska fakulta EU. Katedra financií